000 00274nam a2200109Ia 4500
008 190912s9999||||xx |||||||||||||| ||und||
100 _aThomas Wheelen
245 0 _aStrategic Management And Business Policy
260 _aUSA
_bEducation
_c1998
300 _a350
942 _cBK
999 _c7595
_d7595